000 003080000a22001450004500
003 MACL
040 _aMACL
090 _c32160
_d32158
100 _aZiglar, Zig
245 _aSteps to the Top
260 _bMagna Publishing Co Ltd
_c2000
350 _a175
650 _aGeneralities
942 _cBOOK
_k001/ZIG
999 _c31833
_d31833